All DreamWorks Animated Movies - Statistics

General Stats
  • This quiz has been taken 1,101 times
    463 since last reset
  • The average score is 38 of 63
Answer Stats
Year Movie % Correct
2011 Puss in Boots
95%
2022 Puss in Boots: The Last Wish
95%
2001 Shrek
95%
2004 Shrek 2
95%
2026 Shrek 5
95%
2010 Shrek Forever After
95%
2007 Shrek the Third
95%
2010 How to Train Your Dragon
79%
2025 How to Train Your Dragon
79%
2014 How to Train Your Dragon 2
79%
2027 How to Train Your Dragon 2
79%
2019 How to Train Your Dragon: The Hidden World
79%
2008 Kung Fu Panda
77%
2011 Kung Fu Panda 2
77%
2016 Kung Fu Panda 3
77%
2024 Kung Fu Panda 4
77%
2005 Madagascar
76%
2014 Penguins of Madagascar: The Movie
76%
1998 Antz
75%
2012 Madagascar 3: Europe's Most Wanted
75%
2008 Madagascar: Escape 2 Africa
75%
2000 Joseph: King of Dreams
68%
1998 The Prince of Egypt
67%
2010 Megamind
64%
2024 Megamind vs. the Doom Syndicate
64%
2016 Trolls
61%
2023 Trolls Band Together
61%
2020 Trolls: World Tour
61%
2007 Bee Movie
59%
2004 Shark Tale
59%
2017 The Boss Baby
59%
2021 The Boss Baby: Family Business
59%
2006 Over the Hedge
57%
2000 The Road to El Dorado
56%
2000 Chicken Run
55%
2023 Chicken Run: Dawn of the Nugget
55%
2006 Flushed Away
54%
2015 Home
54%
2002 Spirit: Stallion of the Cimarron
54%
2021 Spirit: Untamed
54%
2022 The Bad Guys
54%
2025 The Bad Guys 2
54%
2013 The Croods
53%
2020 The Croods: A New Age
53%
2003 Sinbad: Legend of the Seven Seas
50%
2009 Monsters V.S. Aliens
49%
2025 Dog Man
48%
2013 Turbo
48%
2005 Wallace and Gromit: The Curse of the Were-Rabbit
48%
2024 Wallace and Gromit: Vengeance Most Fowl
48%
2020 A Shaun the Sheep Movie: Farmageddon
47%
2015 Shaun the Sheep Movie
47%
2024 The Wild Robot
46%
2017 Captain Underpants: The First Epic Movie
45%
2012 Rise of the Guardians
45%
2014 Mr. Peabody and Sherman
41%
2019 Abominable
39%
2023 Ruby Gillman, Teenage Kraken
39%
2024 Orion and the Dark
31%
2025 Gabby's Dollhouse: The Movie
27%
2027 Cocomelon: The Movie
23%
2021 Trollhunters: Rise of the Titans
23%
2026 Forgotten Island
22%
No matching quizzes found
Score Distribution
Percent of People with Each Score
Percentile by Number Answered
Your Score History
You have not taken this quiz since the last reset